000 01574nam a2200277Ia 4500
999 _c40628
_d40628
001 7255
003 GE_BSU
005 20191220113111.0
008 181216s2013||||ge |||||||||||||| ||geo||
020 _a9789941211034
040 _cGE_BSU
041 _ageo
080 _a27-36(479.22) გ-23
245 _aმოწამენი :
_bწმინდა რაჟდენ პირველმოწამე, წმინდა მოწამე ევსტათი მცხეთელი, წმინდა დიდმოწამე აბო /
_cშემდგ. კახაბერ კენკიშვილი; პროექტის რედ. თამარ მამაცაშვილი.
264 _aთბილისი :
_bპალიტრა L,
_c2013.
300 _a152 გვ. ;
_b20 სმ.
490 _aსაქართველოს იმედი : ყველა წმინდანი, რომელთა შესახებაც უნდა იცოდე,
_vწ. 17.
_x2298-0547
600 _aრაჟდენ პირველმოწამე
_95869
600 _aევსტათი მცხეთელი
_95870
600 _a აბო
_95871
653 _aრელიგია
653 _aქართველი წმინდანები
700 _aმამაცაშვილი, თამარ
_eპროექტის ავტორი
_95872
700 _aკენკიშვილი, კახაბერ
_eშემდგენელი
_95873
942 _cBK
_2udc